|
|
|
|
| LEADER |
00000cam a2200000 7i4500 |
| 001 |
0000071021 |
| 005 |
20120228093000.0 |
| 008 |
090814s2009 nyuab ob 001 0 eng d |
| 020 |
|
|
|a 1438126913 (electronic bk.)
|
| 020 |
|
|
|a 9781438126913 (electronic bk.)
|
| 090 |
0 |
0 |
|a DS382
|b .W96 2009eb
|
| 100 |
1 |
|
|a Wynbrandt, James. ,
|e author
|
| 245 |
1 |
2 |
|a A brief history of Pakistan [
|h [electronic resource]]
|c James Wynbrandt ; foreword by Fawaz A Gerges
|
| 260 |
|
|
|a New York :
|b Facts On Fil ,
|c c2009
|
| 300 |
|
|
|a 1 online resource (xii, 324 p.) :
|b ill., maps
|
| 500 |
|
|
|a Description based on print version record
|
| 504 |
|
|
|a Includes bibliographical references (p 300-306) and index
|
| 505 |
0 |
|
|a The land and its early history -- Inroads of armies and ideas (500 B.C.E.-700 C.E.) -- The coming of Islam (700-1526) -- The Mughal Period (1526-1748) -- Trading company wars (1748-1858) -- The Raj Era (1858-1909) -- The road to independence (1909-1947)
|
| 651 |
|
0 |
|a Pakistan
|x History
|
| 856 |
4 |
0 |
|3 MyiLibrary
|u http://www.myilibrary.com?id=243789
|
| 856 |
4 |
0 |
|3 NetLibrary
|u http://www.netlibrary.com/urlapi.asp?action=summary&v=1&bookid=283010
|
| 999 |
|
|
|a 1000138167
|b Electronic Resource
|c OPEN SHELF (30 DAYS)
|e Gong Badak Campus
|